[Вып. 4]; Микропроцессорные системы контроля и управления

Podrobná bibliografie
Parent link:Микропроцессорные системы контроля и управления: сборник научных трудов/ Рижский политехнический институт. [Вып. 4].— , 1984-
Další autoři: Иванов В. В. (редактор)
Jazyk:ruština
Vydáno: 1987
Témata:
Médium: MixedMaterials Kniha
KOHA link:https://koha.lib.tpu.ru/cgi-bin/koha/opac-detail.pl?biblionumber=251015

MARC

LEADER 00000nam2a2200000 4500
001 251015
005 20231101232621.0
020 |a RU  |b 89-5821 
035 |a (RuTPU)RU\TPU\book\273257 
035 |a RU\TPU\book\271680 
090 |a 251015 
100 |a 20140218d1987 k y0rusy5003 ca 
101 0 |a rus 
102 |a LV 
105 |a a z 001zy 
200 0 |a [Вып. 4]  |f отв. ред. В. В. Иванов 
210 |d 1987 
215 |a 127 с.  |c ил.  |d 20 см 
320 |a Библиогр. в конце ст. 
461 1 |0 (RuTPU)RU\TPU\book\126985  |t Микропроцессорные системы контроля и управления  |o сборник научных трудов  |f Рижский политехнический институт  |v [Вып. 4]  |d 1984-  
606 1 |a Вычислительные системы управления микропроцессорные  |x Проектирование  |2 stltpush  |3 (RuTPU)RU\TPU\subj\4441  |9 32713 
610 1 |a технические объекты 
610 1 |a контроль 
610 1 |a диагностика 
610 1 |a алгоритмическое обеспечение 
610 1 |a программное обеспечение 
610 1 |a отладочные средства 
610 1 |a гибкие производственные системы 
610 1 |a математическое моделирование 
675 |a 681.325.5-181.48  |v 3 
702 1 |a Иванов  |b В. В.  |4 340 
801 0 |a RU  |b RuMRKP  |c 19950417  |g psbo 
801 1 |a RU  |b 63413507  |c 20140206 
801 2 |a RU  |b 63413507  |c 20141020  |g RCR 
942 |c BK